000 00443nam a2200181Ia 4500
008 230524s9999 xx 000 0 und d
020 _a8120322436
082 _a5.133
_bJAN
100 _aJ.S.R.Jang
245 0 _aNeuro-Fuzzy and Soft Computing
250 _a1ST
260 _aNEW DELHI
_bPHI
_c2004
300 _aXXVI;614
500 _aQuantity Number: 109
650 _aComp-Sc
700 _a" C.T.Sun , E. Mizutani,,,"
942 _cBK
999 _c17741
_d17741